|
|
|
|
| LEADER |
00615nab a2200181 i 4500 |
| 001 |
acta9606 |
| 005 |
20210609082328.0 |
| 008 |
161015s1959 hu o 0|| hun d |
| 022 |
|
|
|a 0324-5314
|
| 040 |
|
|
|a SZTE Egyetemi Kiadványok Repozitórium
|b hun
|
| 041 |
|
|
|a hun
|
| 100 |
2 |
|
|a Koltay-Kastner Jenő
|
| 245 |
1 |
0 |
|a Ugo Foscolo II.
|h [elektronikus dokumentum] /
|c Koltay-Kastner Jenő
|
| 260 |
|
|
|c 1959
|
| 300 |
|
|
|a 5-46
|
| 490 |
0 |
|
|a Acta Universitatis Szegediensis : sectio litteraria
|
| 695 |
|
|
|a Foscolo Ugo, Irodalomtudomány
|
| 856 |
4 |
0 |
|u http://acta.bibl.u-szeged.hu/9606/1/litteraria_002_005-046.pdf
|z Dokumentum-elérés
|